| 000 | 01213nam a2200241Ia 4500 | ||
|---|---|---|---|
| 001 | 19425 | ||
| 003 | GE_BSU | ||
| 008 | 181216s||||||||xx |||||||||||||| ||und|| | ||
| 040 | _cGE_BSU | ||
| 080 | _a81'(063) | ||
| 245 | _aიბერიულ-კავკასიური ენათმეცნიერება XII = иберийско-кавказкое языкознание=IVERO-CAUCASIA | ||
| 245 | _cრედ: ქ.ლომთათიძე | ||
| 260 | _aთბილისი | ||
| 260 | _bსაქართველოს მეცნიერებათა აკადემიის გამომცემლობა | ||
| 260 | _c1960 | ||
| 300 | _a447გვ;24სმ. | ||
| 300 | _b1ფ პორტრეტი | ||
| 541 | _h4ლ.56თ. | ||
| 653 | _aენათმეცნიერება | ||
| 653 | _aეძღვნება არლონდ ჩიქობავას დაბადების სამოცი წლისა და სამეცნიერო პედაგოგიური მოღვაწეობის ოცდათხუთმეტი წლისთავს. | ||
| 653 | _aქართული ენა | ||
| 942 | _cBK | ||
| 999 |
_c52405 _d52405 |
||